May 22nd: Birthdays - Statistics

General Stats
  • This quiz has been taken 3 times
  • The average score is 4 of 9
Answer Stats
Year Clue Answer % Correct
1859 Author of Sherlock Holmes Arthur Doyle
100%
1987 Won 2019 Wimbledon Novak Djokovic
67%
1813 Composer of The Ring of the Nibelung Richard Wagner
67%
1942 Known as the 'Unabomber' Ted Kaczynski
67%
1930 Gay rights activist Harvey Milk
33%
1907 Author of the Adventures of Tintin Hergé
33%
1907 Actor in Jazz Singer Laurence Olivier
0%
1970 Actress in Unzipped Naomi Campbell
0%
1928 Known as the 'Oracle of Oil' T. Pickens
0%
No matching quizzes found
Score Distribution
Percent of People with Each Score
Percentile by Number Answered
Your Score History
You have not taken this quiz